00410nam a2200157Ia 4500008004100000020001500041082001500056100001700071245003000088250000700118260003800125300002800163500001900191600002700210650001500237240925s9999 xx 000 0 und d a8121924502 a621.38 MEH aMehta, V. K. 0aPrinciples of Electronics aNA aNew Delhi:bS. Chand & Coc,1980. axi,404p.bN.AfOriginal aIncludes Index aElectronic Engineering aTechnology